[Event "Madrid ch 2022-2023 Semifinal"]
[Site "Madrid ESP"]
[Date "2023.05.05"]
[Round "3.18"]
[White "Marin Lopez, Jeronimo"]
[Black "Martin Martin, Luis Vicente"]
[Result "0-1"]
[WhiteElo "1874"]
[BlackElo "1875"]
[PlyCount "86"]
[EventDate "2023.05.03"]
[EventType "swiss"]
[EventRounds "9"]
[EventCountry "ESP"]
[SourceTitle "Ajedrez en Madrid"]
[Source "lmi"]
[SourceDate "2023.05.03"]
[SourceVersion "1"]
[SourceVersionDate "2023.05.10"]
[SourceQuality "1"]

1. e4 e6 2. d4 d5 3. Nc3 dxe4 4. Nxe4 Nd7 5. Nf3 Ngf6 6. Nxf6+ Nxf6 7. Ne5 a6
8. Bd3 c5 9. Be3 Qb6 10. O-O cxd4 11. Bxd4 Bc5 12. Nc4 Qc7 13. Be5 Qc6 14. Nd6+
Ke7 15. Nxc8+ Raxc8 16. Qe2 Bd6 17. Rad1 Bxe5 18. Qxe5 Rhd8 19. Rfe1 Rd5 20.
Qf4 Qc7 21. Qb4+ Rc5 22. Be4 b5 23. c3 Kf8 24. Bf3 Kg8 25. Qd4 h6 26. h3 Nd5
27. Rd2 b4 28. cxb4 Rc4 29. Qe5 Rc1 30. Rxc1 Qxe5 31. Rxc8+ Kh7 32. Re2 Qd4 33.
a3 Nf4 34. Rec2 e5 35. R8c4 Qd7 36. Be4+ f5 37. Bc6 Qd1+ 38. Kh2 e4 39. Rc1 Qd6
40. g3 Nd3 41. R1c2 Ne1 42. Rc1 Qd2 43. Kg1 e3 0-1

[Event "Madrid ch 2022-2023 Semifinal"]
[Site "Madrid ESP"]
[Date "2023.05.05"]
[Round "3.19"]
[White "Vazquez Gonzalez, Jesus"]
[Black "Roquero Redondo, Miguel"]
[Result "1/2-1/2"]
[WhiteElo "1905"]
[BlackElo "1936"]
[PlyCount "62"]
[EventDate "2023.05.03"]
[EventType "swiss"]
[EventRounds "9"]
[EventCountry "ESP"]
[SourceTitle "Ajedrez en Madrid"]
[Source "lmi"]
[SourceDate "2023.05.03"]
[SourceVersion "1"]
[SourceVersionDate "2023.05.10"]
[SourceQuality "1"]

1. e4 c5 2. c3 Nf6 3. e5 Nd5 4. d4 cxd4 5. Nf3 Nc6 6. cxd4 d6 7. Bc4 Nb6 8. Bb5
dxe5 9. Nxe5 Bd7 10. Nxd7 Qxd7 11. O-O e6 12. Nc3 Be7 13. Qg4 O-O 14. Bxc6 bxc6
15. Bh6 Bf6 16. Rad1 Kh8 17. Ne4 Rg8 18. Nxf6 gxf6 19. Qh4 Rg6 20. Rd3 Rag8 21.
Rg3 Nd5 22. Kh1 Ne7 23. Rxg6 Rxg6 24. Be3 Qd5 25. Rg1 Qxa2 26. Qf4 Qxb2 27. Qc7
Qa3 28. Bc1 Qb4 29. Qxa7 Ng8 30. Qxf7 Qc4 31. Be3 Qd5 1/2-1/2

[Event "Madrid ch 2022-2023 Semifinal"]
[Site "Madrid ESP"]
[Date "2023.05.05"]
[Round "3.20"]
[White "Palomo Monserrat, Lorenzo"]
[Black "Vinas Lopez, Carlos"]
[Result "0-1"]
[WhiteElo "1929"]
[BlackElo "1874"]
[PlyCount "66"]
[EventDate "2023.05.03"]
[EventType "swiss"]
[EventRounds "9"]
[EventCountry "ESP"]
[SourceTitle "Ajedrez en Madrid"]
[Source "lmi"]
[SourceDate "2023.05.03"]
[SourceVersion "1"]
[SourceVersionDate "2023.05.10"]
[SourceQuality "1"]

1. d4 d5 2. c4 e6 3. Nc3 a6 4. cxd5 exd5 5. Nf3 Nf6 6. Bg5 Be6 7. e3 Nbd7 8.
Bd3 Bd6 9. O-O c6 10. Qc2 Qc7 11. Rac1 Bg4 12. Ne5 Bxe5 13. dxe5 Qxe5 14. f4
Qxe3+ 15. Kh1 O-O 16. Rce1 Qc5 17. h3 d4 18. Bxf6 Nxf6 19. Re5 Qd6 20. hxg4
dxc3 21. g5 Nh5 22. Bxh7+ Kh8 23. Rf3 Rad8 24. Bd3 Nxf4 25. g4 Nxd3 26. Rh3+
Kg8 27. Qh2 Nf2+ 28. Qxf2 Qxe5 29. Qh4 Rd1+ 30. Kg2 Qe2+ 31. Kg3 Qe1+ 32. Kf3
Qxh4 33. Rxh4 cxb2 0-1

[Event "Madrid ch 2022-2023 Semifinal"]
[Site "Madrid ESP"]
[Date "2023.05.05"]
[Round "3.21"]
[White "Garcia Galeote, Lorenzo"]
[Black "Gaibor Gallardo, Gonzalo"]
[Result "1/2-1/2"]
[WhiteElo "1855"]
[BlackElo "1923"]
[PlyCount "103"]
[EventDate "2023.05.03"]
[EventType "swiss"]
[EventRounds "9"]
[EventCountry "ESP"]
[SourceTitle "Ajedrez en Madrid"]
[Source "lmi"]
[SourceDate "2023.05.03"]
[SourceVersion "1"]
[SourceVersionDate "2023.05.10"]
[SourceQuality "1"]

1. d4 d5 2. c4 e6 3. Nc3 Nf6 4. cxd5 exd5 5. Bg5 Be7 6. Qc2 O-O 7. e3 b6 8. Bd3
h6 9. Bh4 Be6 10. Nf3 c5 11. dxc5 bxc5 12. O-O Nc6 13. a3 Rc8 14. Ba6 Rb8 15.
Bg3 Rb6 16. Be2 Nh5 17. Na4 Nxg3 18. hxg3 c4 19. Nxb6 Qxb6 20. e4 Rb8 21. exd5
Bxd5 22. Bxc4 Bxf3 23. Bxf7+ Kxf7 24. Qf5+ Bf6 25. gxf3 Nd4 26. Qd7+ Kg8 27.
Qd5+ Kh8 28. Rad1 Rd8 29. Qe4 Qxb2 30. Kg2 Qxa3 31. Rfe1 Qc5 32. Qg6 Qf8 33.
Re4 Kg8 34. Rde1 Be5 35. Rxe5 Qxf3+ 36. Kg1 Rf8 37. Rf1 Qb7 38. Qe4 Qxe4 39.
Rxe4 Nf3+ 40. Kg2 Nd2 41. Ra4 Nxf1 42. Kxf1 Rf7 43. Kg2 Kf8 44. f4 Ke8 45. Ra6
Kd8 46. Kf3 Kc8 47. Kg4 Kb7 48. Ra1 Kb6 49. Rb1+ Kc5 50. Rc1+ Kb4 51. Rb1+ Kc5
52. Rc1+ 1/2-1/2

[Event "Madrid ch 2022-2023 Semifinal"]
[Site "Madrid ESP"]
[Date "2023.05.05"]
[Round "3.22"]
[White "Baeza Escudero, Javier"]
[Black "Vukotic Jovsic, Dragan"]
[Result "1-0"]
[WhiteElo "1906"]
[BlackElo "1836"]
[PlyCount "49"]
[EventDate "2023.05.03"]
[EventType "swiss"]
[EventRounds "9"]
[EventCountry "ESP"]
[SourceTitle "Ajedrez en Madrid"]
[Source "lmi"]
[SourceDate "2023.05.03"]
[SourceVersion "1"]
[SourceVersionDate "2023.05.10"]
[SourceQuality "1"]

1. e4 c5 2. Nc3 e6 3. Nf3 d5 4. exd5 exd5 5. d4 Be6 6. Bb5+ Nc6 7. O-O a6 8.
Bxc6+ bxc6 9. Re1 Be7 10. dxc5 Bxc5 11. Nd4 Bxd4 12. Qxd4 Qf6 13. Qb6 Ne7 14.
Be3 O-O 15. Bc5 Rfc8 16. Bxe7 Qxe7 17. Rad1 Qa7 18. Qa5 Rab8 19. b3 Bf5 20. Rd2
Re8 21. Rde2 Qa8 22. Na4 Rxe2 23. Rxe2 Re8 24. Qxa6 Bxc2 25. Qxa8 1-0

[Event "Madrid ch 2022-2023 Semifinal"]
[Site "Madrid ESP"]
[Date "2023.05.06"]
[Round "4.1"]
[White "Rey Martinez, Jaime"]
[Black "Fernandez Rosado, Roberto"]
[Result "1/2-1/2"]
[WhiteElo "2217"]
[BlackElo "2126"]
[PlyCount "64"]
[EventDate "2023.05.03"]
[EventType "swiss"]
[EventRounds "9"]
[EventCountry "ESP"]
[SourceTitle "Ajedrez en Madrid"]
[Source "lmi"]
[SourceDate "2023.05.03"]
[SourceVersion "1"]
[SourceVersionDate "2023.05.10"]
[SourceQuality "1"]

1. e4 e5 2. Nf3 Nc6 3. Bb5 a6 4. Ba4 Nf6 5. O-O Be7 6. Re1 b5 7. Bb3 O-O 8. a4
b4 9. d4 d6 10. dxe5 Nxe5 11. Nxe5 dxe5 12. Qf3 c6 13. Nd2 Qc7 14. Nf1 c5 15.
Bc4 Nd7 16. a5 Nb8 17. Ne3 Be6 18. Bxe6 fxe6 19. Qh3 Rf6 20. Nc4 Nc6 21. c3 Rb8
22. Be3 Rb5 23. Rad1 bxc3 24. bxc3 Nxa5 25. Nxa5 Rxa5 26. Bg5 Rg6 27. Bxe7 Qxe7
28. Qd3 h6 29. Qd8+ Qxd8 30. Rxd8+ Kh7 31. Rc8 Rf6 32. Rc6 h5 1/2-1/2

[Event "Madrid ch 2022-2023 Semifinal"]
[Site "Madrid ESP"]
[Date "2023.05.06"]
[Round "4.2"]
[White "Torres Boch, Jose Francisco"]
[Black "Martinez Fernandez, Raul"]
[Result "0-1"]
[WhiteElo "2139"]
[BlackElo "2190"]
[PlyCount "94"]
[EventDate "2023.05.03"]
[EventType "swiss"]
[EventRounds "9"]
[EventCountry "ESP"]
[SourceTitle "Ajedrez en Madrid"]
[Source "lmi"]
[SourceDate "2023.05.03"]
[SourceVersion "1"]
[SourceVersionDate "2023.05.10"]
[SourceQuality "1"]

1. e4 e5 2. Nf3 Nc6 3. Bb5 a6 4. Ba4 Nf6 5. O-O Be7 6. Re1 b5 7. Bb3 d6 8. c3
O-O 9. h3 Nb8 10. d4 Nbd7 11. c4 Bb7 12. Nc3 c6 13. a3 h6 14. Qc2 Re8 15. Be3
Bf8 16. Rad1 Qa5 17. dxe5 Nxe5 18. Nxe5 dxe5 19. c5 Bc8 20. Ba2 Be6 21. b4 Qc7
22. Bxe6 Rxe6 23. a4 Ree8 24. f3 Qb7 25. Bf2 a5 26. axb5 axb4 27. bxc6 Qxc6 28.
Nd5 Reb8 29. Re2 b3 30. Qc3 Nd7 31. Rb2 Nxc5 32. Rc1 Rc8 33. Qxe5 Qb7 34. Bxc5
Rxc5 35. Rcb1 Qa7 36. Kh2 Rc6 37. f4 Re6 38. Qf5 Rg6 39. h4 h5 40. Qxh5 Qd4 41.
Qf3 Ra2 42. Qe3 Qxb2 43. Rxb2 Rxb2 44. Qc3 Rbxg2+ 45. Kh3 R6g3+ 46. Qxg3 Rxg3+
47. Kxg3 Bb4 0-1

[Event "Madrid ch 2022-2023 Semifinal"]
[Site "Madrid ESP"]
[Date "2023.05.06"]
[Round "4.3"]
[White "Rodriguez Melendez, Juan Humbert"]
[Black "Horcajuelo Rocamora, Martin"]
[Result "0-1"]
[WhiteElo "2069"]
[BlackElo "2274"]
[PlyCount "160"]
[EventDate "2023.05.03"]
[EventType "swiss"]
[EventRounds "9"]
[EventCountry "ESP"]
[SourceTitle "Ajedrez en Madrid"]
[Source "lmi"]
[SourceDate "2023.05.03"]
[SourceVersion "1"]
[SourceVersionDate "2023.05.10"]
[SourceQuality "1"]

1. d4 Nf6 2. c4 e6 3. g3 d5 4. Bg2 dxc4 5. Nf3 c5 6. O-O Nc6 7. dxc5 Qxd1 8.
Rxd1 Bxc5 9. Nbd2 c3 10. bxc3 O-O 11. Nb3 Be7 12. Nfd4 Nxd4 13. cxd4 Nd5 14.
Bd2 Bd7 15. Rdc1 Rac8 16. Nc5 Bc6 17. e3 b6 18. Nd3 Bb5 19. Bf1 Ba3 20. Rcb1
Bc4 21. Bc1 Bd6 22. Bd2 Ba3 23. Bc1 Bxd3 24. Bxd3 Rc3 25. Bxa3 Rxa3 26. Rb3 Ra4
27. a3 Rc8 28. Kf1 Kf8 29. Ke1 Ke7 30. Kd2 h5 31. h4 Ra5 32. Rc1 Rxc1 33. Kxc1
Nf6 34. Kd2 e5 35. dxe5 Rxe5 36. Rb4 g6 37. Ra4 a5 38. Rc4 Nd7 39. Rc7 Kd6 40.
Ra7 Rc5 41. f4 f5 42. e4 fxe4 43. Bxe4 Rb5 44. Kc3 Nf6 45. Bxg6 Nd5+ 46. Kc4
Rc5+ 47. Kd4 Nc7 48. Bd3 Ne6+ 49. Ke4 Rc3 50. Be2 Rxg3 51. f5 Nc5+ 52. Kf4 Rxa3
53. Bxh5 a4 54. Be8 Ra1 55. h5 Rf1+ 56. Kg5 Ne4+ 57. Kg6 Rg1+ 58. Kh6 Nf6 59.
Bg6 Rg4 60. Rb7 Kc6 61. Rf7 Nd7 62. Re7 Kd6 63. Re6+ Kc7 64. f6 a3 65. Re2 Nxf6
66. Bf7 b5 67. Re6 Nd7 68. Ra6 b4 69. Be6 Re4 70. Bf5 Rd4 71. Kg7 Nc5 72. Ra5
Kb6 73. Ra8 Rd5 74. Bg6 Rd7+ 75. Kg8 Na6 76. Rf8 a2 77. Rf1 b3 78. Ra1 Nb4 79.
Be4 Nd5 80. Kf8 Nf6 0-1

[Event "Madrid ch 2022-2023 Semifinal"]
[Site "Madrid ESP"]
[Date "2023.05.06"]
[Round "4.4"]
[White "Longa Yauca, Javier"]
[Black "Luque Ibanes, Manuel"]
[Result "1-0"]
[WhiteElo "2216"]
[BlackElo "2047"]
[PlyCount "85"]
[EventDate "2023.05.03"]
[EventType "swiss"]
[EventRounds "9"]
[EventCountry "ESP"]
[SourceTitle "Ajedrez en Madrid"]
[Source "lmi"]
[SourceDate "2023.05.03"]
[SourceVersion "1"]
[SourceVersionDate "2023.05.10"]
[SourceQuality "1"]

1. c4 e5 2. Nc3 d6 3. d3 f5 4. g3 Nf6 5. Bg5 Be7 6. Bg2 O-O 7. Bxf6 Bxf6 8. e3
c6 9. Nge2 a5 10. O-O Na6 11. d4 Qc7 12. Rc1 Bd7 13. Qb3 Kh8 14. Rfd1 Rae8 15.
a3 Be6 16. Nd5 Qb8 17. Nxf6 Rxf6 18. Qb6 Qc7 19. Qxc7 Nxc7 20. b4 axb4 21. axb4
e4 22. Nf4 Bf7 23. h4 h6 24. d5 g5 25. hxg5 hxg5 26. Nh3 Rg8 27. dxc6 bxc6 28.
Rd2 Bh5 29. Bf1 Bg4 30. b5 cxb5 31. cxb5 Nxb5 32. Rb2 Na3 33. Rb3 d5 34. Rxa3
d4 35. exd4 f4 36. gxf4 Bxh3 37. Rxh3+ Kg7 38. fxg5 Rf4 39. Rc7+ Kg6 40. Rc6+
Kg7 41. g6 Rgf8 42. Rh7+ Kg8 43. Rcc7 1-0

[Event "Madrid ch 2022-2023 Semifinal"]
[Site "Madrid ESP"]
[Date "2023.05.06"]
[Round "4.5"]
[White "Barraza Caracuel, Ignacio"]
[Black "Centeno Mendoza, Julio Stefano"]
[Result "1-0"]
[WhiteElo "2042"]
[BlackElo "2148"]
[PlyCount "119"]
[EventDate "2023.05.03"]
[EventType "swiss"]
[EventRounds "9"]
[EventCountry "ESP"]
[SourceTitle "Ajedrez en Madrid"]
[Source "lmi"]
[SourceDate "2023.05.03"]
[SourceVersion "1"]
[SourceVersionDate "2023.05.10"]
[SourceQuality "1"]

1. Nf3 d5 2. g3 Nf6 3. Bg2 e6 4. d4 Be7 5. O-O O-O 6. c4 dxc4 7. Nbd2 Bd7 8.
Ne5 Bc6 9. Nxc6 Nxc6 10. e3 Na5 11. Qa4 c6 12. Nxc4 Nxc4 13. Qxc4 Qb6 14. b3
Rfd8 15. Bb2 Nd5 16. e4 Nc7 17. h3 Bf6 18. Rad1 Nb5 19. e5 Be7 20. Kh2 Nc7 21.
f4 g6 22. g4 Qa6 23. Qc2 Nd5 24. Rf3 Ba3 25. Ba1 Bf8 26. Qf2 Qa3 27. f5 Bh6 28.
Bb2 Qe7 29. Bc1 Bxc1 30. Rxc1 Rd7 31. h4 Nc7 32. Rf1 exf5 33. gxf5 Rad8 34. Rf4
Nb5 35. f6 Qf8 36. e6 fxe6 37. f7+ Kg7 38. Qe3 Qd6 39. Kh1 Rf8 40. h5 Rdxf7 41.
h6+ Kg8 42. Rxf7 Rxf7 43. Rxf7 Kxf7 44. Qf2+ Ke7 45. Qh4+ Kd7 46. Qf6 Qe7 47.
Qf4 Nd6 48. Bh3 Qf7 49. Qe5 Ke7 50. Kg2 b6 51. a4 Qf6 52. Qe3 Qh4 53. Qxe6+ Kf8
54. Qxd6+ Kf7 55. Qe6+ Kf8 56. Qd6+ Kf7 57. Qc7+ Kf8 58. Qg7+ Ke8 59. Qg8+ Ke7
60. Qxh7+ 1-0

[Event "Madrid ch 2022-2023 Semifinal"]
[Site "Madrid ESP"]
[Date "2023.05.06"]
[Round "4.6"]
[White "De La Puerta Cresis, Javier"]
[Black "Martinez Garcia, Ruben"]
[Result "1-0"]
[WhiteElo "2138"]
[BlackElo "2030"]
[PlyCount "95"]
[EventDate "2023.05.03"]
[EventType "swiss"]
[EventRounds "9"]
[EventCountry "ESP"]
[SourceTitle "Ajedrez en Madrid"]
[Source "lmi"]
[SourceDate "2023.05.03"]
[SourceVersion "1"]
[SourceVersionDate "2023.05.10"]
[SourceQuality "1"]

1. d4 Nf6 2. c4 g6 3. Nc3 Bg7 4. e4 d6 5. f4 O-O 6. Nf3 c5 7. d5 e6 8. Be2 exd5
9. cxd5 Re8 10. e5 dxe5 11. fxe5 Ng4 12. e6 fxe6 13. Bg5 Qb6 14. Qd2 c4 15.
O-O-O exd5 16. Nxd5 Qxb2+ 17. Qxb2 Bxb2+ 18. Kxb2 Rxe2+ 19. Ka1 Nc6 20. Rhe1
Rxe1 21. Rxe1 Bf5 22. h3 Nf2 23. Bh6 Nd3 24. Ng5 Nde5 25. g4 Bd7 26. Rf1 Kh8
27. Nf6 b5 28. Nxd7 Nxd7 29. Rf7 Nde5 30. Rxh7+ Kg8 31. Rg7+ Kh8 32. Nh7 Rg8
33. Rc7 Rc8 34. Rxc8+ Kxh7 35. Bf4 a6 36. Rc7+ Kg8 37. Kb1 Kf8 38. Bxe5 Nxe5
39. Ra7 b4 40. Rxa6 b3 41. axb3 cxb3 42. Re6 Nd3 43. Rxg6 Kf7 44. Rb6 Nc5 45.
Rb4 Ne4 46. Rxb3 Kg6 47. Kc2 Kg5 48. Rb5+ 1-0

[Event "Madrid ch 2022-2023 Semifinal"]
[Site "Madrid ESP"]
[Date "2023.05.06"]
[Round "4.7"]
[White "Nunez Miranda, Adrian"]
[Black "Estevez Sacristan, Deva"]
[Result "1-0"]
[WhiteElo "2127"]
[BlackElo "1978"]
[PlyCount "131"]
[EventDate "2023.05.03"]
[EventType "swiss"]
[EventRounds "9"]
[EventCountry "ESP"]
[SourceTitle "Ajedrez en Madrid"]
[Source "lmi"]
[SourceDate "2023.05.03"]
[SourceVersion "1"]
[SourceVersionDate "2023.05.10"]
[SourceQuality "1"]

1. e4 c5 2. d3 g6 3. g3 Nc6 4. Bg2 Bg7 5. f4 d6 6. Nf3 Nf6 7. O-O O-O 8. h3 Rb8
9. a4 a6 10. g4 b5 11. axb5 axb5 12. Nc3 b4 13. Ne2 Qb6 14. Be3 Bxg4 15. hxg4
Nxg4 16. Bc1 e5 17. f5 c4+ 18. Kh1 Nf2+ 19. Rxf2 Qxf2 20. Bg5 f6 21. Bh4 Qb6
22. Nd2 c3 23. Nc4 Qc5 24. bxc3 bxc3 25. Nxc3 Ra8 26. Nd5 Qd4 27. Rc1 g5 28.
Be1 Ra2 29. Nc3 Ra6 30. Qd2 Qa7 31. Nb5 Qd7 32. Ncxd6 Nd4 33. Nxd4 Qxd6 34. Ne6
Rfa8 35. Qc3 Ra2 36. Bf2 Qa3 37. Qxa3 R8xa3 38. Bf3 Bh6 39. Bc5 Rc3 40. Rb1 Ra8
41. Bd1 g4 42. Kg2 Rc8 43. Bb4 R3c6 44. c4 Rb8 45. Ba4 Ra6 46. Bb5 Ra2+ 47. Kg3
Be3 48. Kxg4 Kf7 49. Kf3 Rg8 50. Nd8+ Rxd8 51. Kxe3 Rg8 52. Rf1 Rg3+ 53. Rf3
Rgg2 54. d4 Rab2 55. Bc3 exd4+ 56. Kxd4 Rb3 57. Bd7 Rg1 58. Be6+ Ke7 59. Rd3
Rb8 60. c5 h5 61. Kc4 Rb7 62. c6 Rc7 63. Bb4+ Ke8 64. Bd7+ Kf7 65. Bd6 Rc1+ 66.
Rc3 1-0

[Event "Madrid ch 2022-2023 Semifinal"]
[Site "Madrid ESP"]
[Date "2023.05.06"]
[Round "4.8"]
[White "Perdomo Araujo, Angel Eduardo"]
[Black "Rodriguez Avila, Alvaro"]
[Result "0-1"]
[WhiteElo "2027"]
[BlackElo "2114"]
[PlyCount "82"]
[EventDate "2023.05.03"]
[EventType "swiss"]
[EventRounds "9"]
[EventCountry "ESP"]
[SourceTitle "Ajedrez en Madrid"]
[Source "lmi"]
[SourceDate "2023.05.03"]
[SourceVersion "1"]
[SourceVersionDate "2023.05.10"]
[SourceQuality "1"]

1. e4 c5 2. Nf3 d6 3. d4 cxd4 4. Nxd4 Nf6 5. Nc3 Nc6 6. Bg5 e6 7. Qd3 Bd7 8.
O-O-O a6 9. f4 Be7 10. Nf3 Qc7 11. Be2 Rc8 12. Kb1 b5 13. e5 dxe5 14. Nxe5 Rd8
15. Nxd7 Rxd7 16. Qe3 Rxd1+ 17. Rxd1 O-O 18. Bxf6 Bxf6 19. Ne4 Be7 20. g3 Nb4
21. Qc3 Qb6 22. Bf3 Nd5 23. Qd4 Qc7 24. Rd3 Rc8 25. Qf2 h6 26. Qd2 Qc4 27. a3
b4 28. b3 Qc7 29. a4 Nc3+ 30. Nxc3 bxc3 31. Qc1 Rb8 32. Ka2 Qc5 33. Rd7 Kf8 34.
Be2 Qc6 35. Ra7 Ra8 36. Qe3 Rxa7 37. Qxa7 g6 38. Bxa6 Qd6 39. b4 Qxb4 40. Qb7
Qa3+ 41. Kb1 Bb4 0-1

[Event "Madrid ch 2022-2023 Semifinal"]
[Site "Madrid ESP"]
[Date "2023.05.06"]
[Round "4.9"]
[White "Ruiz Vazquez, Javier"]
[Black "Tenorio Garcia, Joel"]
[Result "1-0"]
[WhiteElo "1983"]
[BlackElo "2100"]
[PlyCount "83"]
[EventDate "2023.05.03"]
[EventType "swiss"]
[EventRounds "9"]
[EventCountry "ESP"]
[SourceTitle "Ajedrez en Madrid"]
[Source "lmi"]
[SourceDate "2023.05.03"]
[SourceVersion "1"]
[SourceVersionDate "2023.05.10"]
[SourceQuality "1"]

1. e4 e5 2. Nf3 Nc6 3. Bc4 Bc5 4. d3 d6 5. c3 a6 6. O-O Nf6 7. Bg5 h6 8. Bh4 g5
9. Bg3 Rg8 10. d4 exd4 11. cxd4 Ba7 12. e5 dxe5 13. d5 Ne7 14. Nc3 b5 15. Bxe5
Ng6 16. Re1 Kf8 17. Bb3 Bg4 18. h3 Nxe5 19. Rxe5 Bh5 20. g4 Bxg4 21. hxg4 Nxg4
22. Rf5 Qd6 23. Ne4 Bxf2+ 24. Kh1 Qg6 25. Nh2 Nxh2 26. Rxf2 Qxe4+ 27. Kxh2 g4
28. Kg1 Qe3 29. Qd2 Qg3+ 30. Rg2 Qd6 31. Rf1 Re8 32. Qf4 Qb6+ 33. Kh1 Qg6 34.
d6 Rg7 35. d7 Rd8 36. Qxc7 Qg5 37. Qd6+ Kg8 38. Re2 Qh5+ 39. Kg1 Qg5 40. Re8+
Kh7 41. Bc2+ f5 42. Bxf5+ 1-0

[Event "Madrid ch 2022-2023 Semifinal"]
[Site "Madrid ESP"]
[Date "2023.05.06"]
[Round "4.10"]
[White "Carela Ferrer, Francisco Javier"]
[Black "Torres Rebolledo, Alvaro"]
[Result "0-1"]
[WhiteElo "1869"]
[BlackElo "2082"]
[PlyCount "94"]
[EventDate "2023.05.03"]
[EventType "swiss"]
[EventRounds "9"]
[EventCountry "ESP"]
[SourceTitle "Ajedrez en Madrid"]
[Source "lmi"]
[SourceDate "2023.05.03"]
[SourceVersion "1"]
[SourceVersionDate "2023.05.10"]
[SourceQuality "1"]

1. e4 c6 2. d4 d5 3. exd5 cxd5 4. c4 Nf6 5. Nc3 e6 6. Nf3 Bb4 7. cxd5 Nxd5 8.
Bd2 O-O 9. Bd3 Nc6 10. O-O Be7 11. Qe2 Nf6 12. Be3 Nb4 13. Bb1 b6 14. Re1 Ba6
15. Qd2 Bb7 16. Ne5 Rc8 17. f3 Nc6 18. Nxc6 Bxc6 19. Bc2 Qd7 20. a3 Rfd8 21.
Rad1 b5 22. Ne4 Nd5 23. Bg5 h6 24. Bxh6 gxh6 25. Qxh6 Bf8 26. Qh5 Bg7 27. Nc5
Qe7 28. Qh7+ Kf8 29. b4 Nf6 30. Qh3 Bd5 31. Re5 Ng8 32. Rh5 Bc4 33. Qg3 Qd6 34.
Qg5 Qe7 35. Qg3 Qf6 36. Ne4 Qg6 37. Rg5 Qh6 38. Nc5 Nf6 39. Kh1 Rd5 40. Rxd5
Bxd5 41. Bd3 Nh5 42. Qd6+ Kg8 43. Bxb5 Bf6 44. Bf1 Bg5 45. Bd3 Bf4 46. Qd7 Ng3+
47. Kg1 Be3# 0-1

[Event "Madrid ch 2022-2023 Semifinal"]
[Site "Madrid ESP"]
[Date "2023.05.06"]
[Round "4.11"]
[White "Vioque Gonzalez, Nicolas"]
[Black "Feal Albala, Alonso"]
[Result "1-0"]
[WhiteElo "2081"]
[BlackElo "1959"]
[PlyCount "53"]
[EventDate "2023.05.03"]
[EventType "swiss"]
[EventRounds "9"]
[EventCountry "ESP"]
[SourceTitle "Ajedrez en Madrid"]
[Source "lmi"]
[SourceDate "2023.05.03"]
[SourceVersion "1"]
[SourceVersionDate "2023.05.10"]
[SourceQuality "1"]

1. d4 Nf6 2. Nc3 d5 3. Bg5 Nbd7 4. Qd3 h6 5. Bh4 c5 6. e4 dxe4 7. Nxe4 Nxe4 8.
Qxe4 g5 9. Bg3 Bg7 10. Nf3 cxd4 11. O-O-O Nc5 12. Bb5+ Kf8 13. Qe3 Bg4 14. Nxd4
Bxd1 15. Rxd1 Qb6 16. Be5 f6 17. Bg3 Rd8 18. Bc4 e5 19. Nf5 Rxd1+ 20. Kxd1 Qb4
21. b3 b5 22. c3 Qa3 23. Bd5 Rh7 24. Qe2 a6 25. Qh5 Bh8 26. Qg6 Ne6 27. Qxh7
1-0

[Event "Madrid ch 2022-2023 Semifinal"]
[Site "Madrid ESP"]
[Date "2023.05.06"]
[Round "4.12"]
[White "Martin Martin, Luis Vicente"]
[Black "Moreno Lopez, Avelino"]
[Result "0-1"]
[WhiteElo "1875"]
[BlackElo "2008"]
[PlyCount "82"]
[EventDate "2023.05.03"]
[EventType "swiss"]
[EventRounds "9"]
[EventCountry "ESP"]
[SourceTitle "Ajedrez en Madrid"]
[Source "lmi"]
[SourceDate "2023.05.03"]
[SourceVersion "1"]
[SourceVersionDate "2023.05.10"]
[SourceQuality "1"]

1. d4 Nf6 2. Bf4 c5 3. e3 Qb6 4. Na3 cxd4 5. exd4 Nc6 6. c3 Nd5 7. Nc4 Qd8 8.
Qe2 e6 9. Nd6+ Bxd6 10. Bxd6 Qb6 11. Bc5 Qc7 12. Qg4 Rg8 13. Qh4 d6 14. Ba3 Nf6
15. Qg3 Ne4 16. Qe3 d5 17. Bd3 Nf6 18. Nf3 Bd7 19. O-O g5 20. Rfe1 Ng4 21. Qe2
O-O-O 22. Ne5 Ngxe5 23. dxe5 g4 24. Bd6 Qb6 25. b4 Rde8 26. a4 h5 27. Bc5 Qd8
28. a5 h4 29. b5 g3 30. bxc6 gxh2+ 31. Kxh2 Bxc6 32. f4 h3 33. g3 Rxg3 34. Rg1
Rg2+ 35. Rxg2 hxg2 36. Rg1 Qh4+ 37. Kxg2 Qxf4 38. Bf2 d4+ 39. Kf1 dxc3 40. Qe3
Qa4 41. Qc5 Qd1+ 0-1

[Event "Madrid ch 2022-2023 Semifinal"]
[Site "Madrid ESP"]
[Date "2023.05.06"]
[Round "4.13"]
[White "Lozano Freras, Sergio"]
[Black "Moreno Torrero, Javier"]
[Result "1-0"]
[WhiteElo "1971"]
[BlackElo "1910"]
[PlyCount "111"]
[EventDate "2023.05.03"]
[EventType "swiss"]
[EventRounds "9"]
[EventCountry "ESP"]
[SourceTitle "Ajedrez en Madrid"]
[Source "lmi"]
[SourceDate "2023.05.03"]
[SourceVersion "1"]
[SourceVersionDate "2023.05.10"]
[SourceQuality "1"]

1. e4 c5 2. c3 Nf6 3. e5 Nd5 4. Nf3 e6 5. d4 cxd4 6. Bc4 Nb6 7. Bb3 Nc6 8. cxd4
d6 9. Qe2 dxe5 10. dxe5 Bb4+ 11. Nc3 Nd4 12. Nxd4 Qxd4 13. O-O O-O 14. Rd1 Qh4
15. Ne4 Be7 16. Rd4 Rd8 17. Nf6+ Bxf6 18. Rxh4 Bxh4 19. Qg4 Be7 20. Bg5 Bxg5
21. Qxg5 Bd7 22. Rd1 h6 23. Qh4 Rdc8 24. h3 Bc6 25. Rd3 Bd5 26. Rg3 Rc1+ 27.
Kh2 Kh8 28. Qe7 Kg8 29. Bxd5 Nxd5 30. Qxb7 Rcc8 31. Rf3 Rf8 32. b3 Nb6 33. a4
Nd5 34. Rxf7 Rxf7 35. Qxa8+ Kh7 36. f3 Rc7 37. Qe8 Re7 38. Qc6 Kg6 39. Qc2+ Kf7
40. Qe4 Rb7 41. Qd3 Rc7 42. h4 Rc3 43. Qe4 Rxb3 44. h5 Rb6 45. Qg6+ Kf8 46. Qc2
Kf7 47. g3 Rb7 48. Qg6+ Kf8 49. Qxe6 Ne7 50. Qd6 Rb6 51. Qc5 Ke8 52. a5 Rb7 53.
g4 Kd8 54. e6 Rc7 55. Qd4+ Kc8 56. Qxg7 1-0

[Event "Madrid ch 2022-2023 Semifinal"]
[Site "Madrid ESP"]
[Date "2023.05.06"]
[Round "4.14"]
[White "Pastor Alonso De Prado, Alberto"]
[Black "Blazquez Sanz, Oscar"]
[Result "1-0"]
[WhiteElo "2055"]
[BlackElo "1800"]
[PlyCount "87"]
[EventDate "2023.05.03"]
[EventType "swiss"]
[EventRounds "9"]
[EventCountry "ESP"]
[SourceTitle "Ajedrez en Madrid"]
[Source "lmi"]
[SourceDate "2023.05.03"]
[SourceVersion "1"]
[SourceVersionDate "2023.05.10"]
[SourceQuality "1"]

1. Nf3 Nf6 2. d4 g6 3. g3 Bg7 4. Bg2 O-O 5. O-O d6 6. c4 c5 7. Nc3 Nc6 8. d5
Na5 9. Nd2 Qb6 10. Qc2 Bd7 11. e4 Qa6 12. Re1 b5 13. e5 dxe5 14. Rxe5 Qd6 15.
Re1 b4 16. Nde4 Bf5 17. Bf4 Qb6 18. Na4 Qd8 19. Rad1 Rc8 20. b3 Nb7 21. Qe2
Bxe4 22. Bxe4 Nd6 23. Bb1 Re8 24. Qf3 Qd7 25. Kg2 Nh5 26. Be5 Nxc4 27. Bxg7
Nxg7 28. Rc1 Nb6 29. Nxc5 Qxd5 30. Be4 Qd6 31. Nb7 Qd2 32. Bc6 Rxc6 33. Qxc6
Rc8 34. Qxc8+ Nxc8 35. Rxc8+ Ne8 36. Rxe8+ Kg7 37. R8xe7 Qxa2 38. Nd8 Qxb3 39.
Rxf7+ Kh6 40. Ne6 Qd5+ 41. Kg1 Qd2 42. Re4 Qd1+ 43. Kg2 Qd5 44. f3 1-0